[Event "April 9 Early 2024"]
[Site "Chess.com"]
[Date "2024.04.09"]
[Round "6"]
[White "Sovetbekova, Nurai"]
[Black "Andreev, Konstantin"]
[Result "1/2-1/2"]
[Board "197"]
[WhiteFideId "13801910"]
[BlackFideId "24239305"]
[WhiteTitle "WFM"]
[BlackTitle "FM"]
[WhiteElo "2345"]
[BlackElo "2533"]
[WhiteTeam "KGZ"]
[BlackTeam "ITA"]
[WhiteClock "0:00:04"]
[BlackClock "0:00:02"]
[Variant "Standard"]

1. d4 {[%clk 0:03:00]}  Nf6 {[%clk 0:02:56]} 2. c4 {[%clk 0:03:01]}  e6 {[%clk 0:02:56]} 3. Nc3 {[%clk 0:03:01]}  Bb4 {[%clk 0:02:52]} 4. Bd2 {[%clk 0:03:00]}  O-O {[%clk 0:02:47]} 5. e3 {[%clk 0:03:00]}  d5 {[%clk 0:02:45]} 6. Nf3 {[%clk 0:02:54]}  b6 {[%clk 0:02:43]} 7. a3 {[%clk 0:02:51]}  Be7 {[%clk 0:02:42]} 8. Bd3 {[%clk 0:02:51]}  c5 {[%clk 0:02:40]} 9. O-O {[%clk 0:02:44]}  Bb7 {[%clk 0:02:38]} 10. Qc2 {[%clk 0:02:40]}  h6 {[%clk 0:02:36]} 11. Rfd1 {[%clk 0:02:32]}  Nbd7 {[%clk 0:02:34]} 12. e4 {[%clk 0:02:19]}  cxd4 {[%clk 0:02:30]} 13. Nxd4 {[%clk 0:02:19]}  e5 {[%clk 0:02:29]} 14. Nf5 {[%clk 0:02:17]}  d4 {[%clk 0:02:28]} 15. Nd5 {[%clk 0:02:15]}  Bxd5 {[%clk 0:02:24]} 16. cxd5 {[%clk 0:02:08]}  Rc8 {[%clk 0:02:21]} 17. Qb1 {[%clk 0:01:58]}  Ne8 {[%clk 0:02:17]} 18. b4 {[%clk 0:01:54]}  Kh7 {[%clk 0:02:14]} 19. f4 {[%clk 0:01:47]}  g6 {[%clk 0:02:11]} 20. Ng3 {[%clk 0:01:40]}  exf4 {[%clk 0:02:02]} 21. Bxf4 {[%clk 0:01:39]}  Bg5 {[%clk 0:02:03]} 22. Bxg5 {[%clk 0:01:33]}  Qxg5 {[%clk 0:02:04]} 23. Qb2 {[%clk 0:01:31]}  Rc3 {[%clk 0:01:43]} 24. Qf2 {[%clk 0:01:29]}  Ne5 {[%clk 0:01:40]} 25. Qxd4 {[%clk 0:01:22]}  Rc7 {[%clk 0:01:35]} 26. Be2 {[%clk 0:01:01]}  h5 {[%clk 0:01:32]} 27. Qd2 {[%clk 0:00:59]}  Qh4 {[%clk 0:01:26]} 28. Rac1 {[%clk 0:00:52]}  Rxc1 {[%clk 0:01:23]} 29. Rxc1 {[%clk 0:00:53]}  Nd6 {[%clk 0:01:24]} 30. Rf1 {[%clk 0:00:43]}  Nxe4 {[%clk 0:01:13]} 31. Qd4 {[%clk 0:00:25]}  Ng4 {[%clk 0:01:04]} 32. Bxg4 {[%clk 0:00:24]}  Nxg3 {[%clk 0:01:02]} 33. hxg3 {[%clk 0:00:18]}  Qxg4 {[%clk 0:00:58]} 34. Qxg4 {[%clk 0:00:14]}  hxg4 {[%clk 0:00:59]} 35. Rc1 {[%clk 0:00:11]}  Kg7 {[%clk 0:00:53]} 36. Rc7 {[%clk 0:00:11]}  Rd8 {[%clk 0:00:54]} 37. Rxa7 {[%clk 0:00:08]}  Rxd5 {[%clk 0:00:54]} 38. Rb7 {[%clk 0:00:08]}  Rd1+ {[%clk 0:00:51]} 39. Kf2 {[%clk 0:00:07]}  Rd2+ {[%clk 0:00:52]} 40. Kf1 {[%clk 0:00:06]}  Rd3 {[%clk 0:00:52]} 41. Rxb6 {[%clk 0:00:05]}  Rxa3 {[%clk 0:00:52]} 42. Kf2 {[%clk 0:00:04]}  Ra2+ {[%clk 0:00:51]} 43. Kf1 {[%clk 0:00:03]}  Rb2 {[%clk 0:00:52]} 44. b5 {[%clk 0:00:03]}  Kh6 {[%clk 0:00:52]} 45. Rb8 {[%clk 0:00:04]}  Kg5 {[%clk 0:00:50]} 46. b6 {[%clk 0:00:04]}  Kf5 {[%clk 0:00:51]} 47. b7 {[%clk 0:00:04]}  f6 {[%clk 0:00:50]} 48. Kg1 {[%clk 0:00:02]}  Rb1+ {[%clk 0:00:38]} 49. Kf2 {[%clk 0:00:02]}  Rb3 {[%clk 0:00:39]} 50. Ke2 {[%clk 0:00:02]}  Rb2+ {[%clk 0:00:16]} 51. Ke3 {[%clk 0:00:02]}  Kg5 {[%clk 0:00:14]} 52. Kd4 {[%clk 0:00:03]}  Kf5 {[%clk 0:00:08]} 53. Kc5 {[%clk 0:00:03]}  Kg5 {[%clk 0:00:06]} 54. Kc6 {[%clk 0:00:03]}  Rc2+ {[%clk 0:00:05]} 55. Kd6 {[%clk 0:00:04]}  Rd2+ {[%clk 0:00:05]} 56. Ke6 {[%clk 0:00:04]}  Re2+ {[%clk 0:00:04]} 57. Kf7 {[%clk 0:00:05]}  Rb2 {[%clk 0:00:04]} 58. Kg7 {[%clk 0:00:04]}  Kf5 {[%clk 0:00:03]} 59. Kf7 {[%clk 0:00:04]}  Kg5 {[%clk 0:00:03]} 60. Ke6 {[%clk 0:00:05]}  Rb6+ {[%clk 0:00:02]} 61. Kd5 {[%clk 0:00:05]}  Rb2 {[%clk 0:00:03]} 62. Kc6 {[%clk 0:00:06]}  Rc2+ {[%clk 0:00:03]} 63. Kb5 {[%clk 0:00:07]}  Rxg2 {[%clk 0:00:03]} 64. Kc5 {[%clk 0:00:08]}  Rb2 {[%clk 0:00:03]} 65. Kc6 {[%clk 0:00:07]}  Rc2+ {[%clk 0:00:03]} 66. Kd6 {[%clk 0:00:08]}  Rb2 {[%clk 0:00:03]} 67. Kc6 {[%clk 0:00:08]}  Rc2+ {[%clk 0:00:02]} 68. Kd6 {[%clk 0:00:09]}  Rd2+ {[%clk 0:00:02]} 69. Kc6 {[%clk 0:00:09]}  Rb2 {[%clk 0:00:02]} 70. Rg8 {[%clk 0:00:08]}  f5 {[%clk 0:00:02]} 71. b8=Q {[%clk 0:00:08]}  Rxb8 {[%clk 0:00:03]} 72. Rxb8 {[%clk 0:00:09]}  f4 {[%clk 0:00:04]} 73. gxf4+ {[%clk 0:00:09]}  Kxf4 {[%clk 0:00:05]} 74. Kd5 {[%clk 0:00:07]}  g3 {[%clk 0:00:05]} 75. Rb2 {[%clk 0:00:07]}  Kf3 {[%clk 0:00:05]} 76. Ke5 {[%clk 0:00:06]}  g5 {[%clk 0:00:05]} 77. Kf5 {[%clk 0:00:06]}  g2 {[%clk 0:00:02]} 78. Rb3+ {[%clk 0:00:06]}  Kf2 {[%clk 0:00:02]} 79. Rb2+ {[%clk 0:00:06]}  Kg3 {[%clk 0:00:02]} 80. Rb3+ {[%clk 0:00:06]}  Kh4 {[%clk 0:00:02]} 81. Rb1 {[%clk 0:00:05]}  g4 {[%clk 0:00:03]} 82. Kf4 {[%clk 0:00:05]}  Kh3 {[%clk 0:00:03]} 83. Rc1 {[%clk 0:00:04]}  Kh2 {[%clk 0:00:02]} 84. Rc2 {[%clk 0:00:04]}  Kh1 {[%clk 0:00:01]} 85. Rc1+ {[%clk 0:00:03]}  g1=Q {[%clk 0:00:01]} 86. Rxg1+ {[%clk 0:00:03]}  Kxg1 {[%clk 0:00:02]} 87. Kxg4 {[%clk 0:00:04]} 1/2-1/2

[Event "April 9 Early 2024"]
[Site "Chess.com"]
[Date "2024.04.09"]
[Round "6"]
[White "Abdulrahman Mohammad, Al Taher"]
[Black "Grot, Blazej"]
[Result "0-1"]
[Board "199"]
[WhiteFideId "9310258"]
[BlackFideId "21835845"]
[WhiteTitle "FM"]
[BlackTitle "CM"]
[WhiteElo "2262"]
[BlackElo "2435"]
[WhiteTeam "UAE"]
[BlackTeam "POL"]
[WhiteClock "0:00:00"]
[BlackClock "0:00:07"]
[Variant "Standard"]

1. d4 {[%clk 0:03:00]}  Nf6 {[%clk 0:02:57]} 2. c4 {[%clk 0:03:01]}  e6 {[%clk 0:02:48]} 3. Nf3 {[%clk 0:03:00]}  d5 {[%clk 0:02:48]} 4. Nc3 {[%clk 0:02:56]}  Bb4 {[%clk 0:02:45]} 5. cxd5 {[%clk 0:02:51]}  exd5 {[%clk 0:02:44]} 6. Bg5 {[%clk 0:02:52]}  O-O {[%clk 0:02:42]} 7. e3 {[%clk 0:02:50]}  c6 {[%clk 0:02:42]} 8. Bd3 {[%clk 0:02:46]}  h6 {[%clk 0:02:41]} 9. Bh4 {[%clk 0:02:44]}  Nbd7 {[%clk 0:02:41]} 10. O-O {[%clk 0:02:39]}  Be7 {[%clk 0:02:41]} 11. Qc2 {[%clk 0:02:32]}  Ne8 {[%clk 0:02:41]} 12. Bg3 {[%clk 0:02:31]}  Nd6 {[%clk 0:02:40]} 13. b4 {[%clk 0:02:23]}  b5 {[%clk 0:02:35]} 14. Bxd6 {[%clk 0:02:01]}  Bxd6 {[%clk 0:02:33]} 15. e4 {[%clk 0:02:01]}  dxe4 {[%clk 0:02:30]} 16. Nxe4 {[%clk 0:02:01]}  Bxb4 {[%clk 0:02:22]} 17. Qxc6 {[%clk 0:02:01]}  Rb8 {[%clk 0:02:21]} 18. Rab1 {[%clk 0:02:00]}  Bb7 {[%clk 0:02:19]} 19. Qc2 {[%clk 0:01:43]}  Rc8 {[%clk 0:02:14]} 20. Qb3 {[%clk 0:01:32]}  a5 {[%clk 0:02:12]} 21. a3 {[%clk 0:01:28]}  Bxe4 {[%clk 0:02:10]} 22. Bxe4 {[%clk 0:00:53]}  Rc3 {[%clk 0:02:07]} 23. Qd5 {[%clk 0:00:49]}  Rxa3 {[%clk 0:01:57]} 24. Qxb5 {[%clk 0:00:49]}  Nf6 {[%clk 0:01:57]} 25. Bc6 {[%clk 0:00:43]}  Qd6 {[%clk 0:01:53]} 26. d5 {[%clk 0:00:38]}  Ng4 {[%clk 0:01:47]} 27. h3 {[%clk 0:00:31]}  Rxf3 {[%clk 0:01:43]} 28. hxg4 {[%clk 0:00:28]}  Rf4 {[%clk 0:01:43]} 29. Qe2 {[%clk 0:00:22]}  Qg6 {[%clk 0:01:27]} 30. Rfd1 {[%clk 0:00:18]}  Rxg4 {[%clk 0:01:19]} 31. d6 {[%clk 0:00:12]}  Bxd6 {[%clk 0:01:18]} 32. Rxd6 {[%clk 0:00:11]}  Qxd6 {[%clk 0:01:17]} 33. Qxg4 {[%clk 0:00:11]}  Qxc6 {[%clk 0:01:17]} 34. Ra1 {[%clk 0:00:09]}  Qc3 {[%clk 0:01:14]} 35. Qa4 {[%clk 0:00:05]}  Rd8 {[%clk 0:01:09]} 36. Rb1 {[%clk 0:00:02]}  Rd2 {[%clk 0:00:50]} 37. Rb8+ {[%clk 0:00:02]}  Kh7 {[%clk 0:00:49]} 38. Qe4+ {[%clk 0:00:03]}  g6 {[%clk 0:00:49]} 39. Qe8 {[%clk 0:00:03]}  Rd1+ {[%clk 0:00:43]} 40. Kh2 {[%clk 0:00:03]}  Qg7 {[%clk 0:00:36]} 41. Rb7 {[%clk 0:00:04]}  Rd5 {[%clk 0:00:13]} 42. Rxf7 {[%clk 0:00:03]}  Rh5+ {[%clk 0:00:13]} 43. Kg1 {[%clk 0:00:03]}  Rf5 {[%clk 0:00:11]} 44. Rxg7+ {[%clk 0:00:03]}  Kxg7 {[%clk 0:00:12]} 45. Qd7+ {[%clk 0:00:03]}  Kg8 {[%clk 0:00:09]} 46. g4 {[%clk 0:00:03]}  Rg5 {[%clk 0:00:08]} 47. f4 {[%clk 0:00:00]}  Rc5 {[%clk 0:00:07]} 0-1

[Event "April 9 Early 2024"]
[Site "Chess.com"]
[Date "2024.04.10"]
[Round "6"]
[White "Vrashank Chouhan"]
[Black "Szente Varga, Fruzsina"]
[Result "0-1"]
[Board "200"]
[WhiteFideId "25944240"]
[BlackFideId "712264"]
[WhiteTitle "FM"]
[BlackTitle "WFM"]
[WhiteElo "2422"]
[BlackElo "2254"]
[WhiteTeam "IND"]
[BlackTeam "HUN"]
[WhiteClock "0:00:01"]
[BlackClock "0:00:04"]
[Variant "Standard"]

1. d4 {[%clk 0:03:00]}  Nf6 {[%clk 0:03:00]} 2. Bf4 {[%clk 0:03:01]}  g6 {[%clk 0:02:59]} 3. Nc3 {[%clk 0:03:01]}  d5 {[%clk 0:02:59]} 4. e3 {[%clk 0:03:01]}  Bg7 {[%clk 0:02:59]} 5. h4 {[%clk 0:03:01]}  h5 {[%clk 0:02:46]} 6. Nf3 {[%clk 0:03:01]}  Bg4 {[%clk 0:02:45]} 7. Qd2 {[%clk 0:03:01]}  Nc6 {[%clk 0:02:33]} 8. Ne5 {[%clk 0:02:57]}  Nxe5 {[%clk 0:02:27]} 9. dxe5 {[%clk 0:02:58]}  Ne4 {[%clk 0:02:23]} 10. Nxe4 {[%clk 0:02:38]}  dxe4 {[%clk 0:02:24]} 11. Qb4 {[%clk 0:02:39]}  O-O {[%clk 0:02:20]} 12. Qxe4 {[%clk 0:02:38]}  c6 {[%clk 0:02:14]} 13. f3 {[%clk 0:02:38]}  Bf5 {[%clk 0:02:14]} 14. Qc4 {[%clk 0:02:38]}  Qa5+ {[%clk 0:02:12]} 15. b4 {[%clk 0:02:22]}  Qb6 {[%clk 0:02:06]} 16. Bd3 {[%clk 0:02:15]}  Bxe5 {[%clk 0:01:54]} 17. Bxf5 {[%clk 0:02:12]}  Bxa1 {[%clk 0:01:52]} 18. Bxg6 {[%clk 0:02:11]}  Qb5 {[%clk 0:01:29]} 19. Qe4 {[%clk 0:01:31]}  Bc3+ {[%clk 0:01:21]} 20. Kf2 {[%clk 0:01:29]}  fxg6 {[%clk 0:01:01]} 21. Qxg6+ {[%clk 0:01:30]}  Bg7 {[%clk 0:01:01]} 22. Rh3 {[%clk 0:01:27]}  Qf5 {[%clk 0:00:59]} 23. Rg3 {[%clk 0:01:24]}  Qxg6 {[%clk 0:00:56]} 24. Rxg6 {[%clk 0:01:25]}  Kf7 {[%clk 0:00:53]} 25. Rg5 {[%clk 0:01:21]}  Bf6 {[%clk 0:00:48]} 26. Rxh5 {[%clk 0:01:21]}  Rh8 {[%clk 0:00:48]} 27. Rf5 {[%clk 0:01:12]}  Ke6 {[%clk 0:00:43]} 28. g4 {[%clk 0:01:05]}  Bxh4+ {[%clk 0:00:39]} 29. Ke2 {[%clk 0:01:05]}  Bf6 {[%clk 0:00:36]} 30. e4 {[%clk 0:01:01]}  Rad8 {[%clk 0:00:30]} 31. g5 {[%clk 0:01:00]}  Bc3 {[%clk 0:00:31]} 32. a3 {[%clk 0:00:54]}  Rdf8 {[%clk 0:00:29]} 33. Rxf8 {[%clk 0:00:49]}  Rxf8 {[%clk 0:00:30]} 34. Be3 {[%clk 0:00:49]}  b6 {[%clk 0:00:25]} 35. f4 {[%clk 0:00:49]}  Kd6 {[%clk 0:00:25]} 36. f5 {[%clk 0:00:48]}  Be5 {[%clk 0:00:25]} 37. c4 {[%clk 0:00:42]}  c5 {[%clk 0:00:25]} 38. b5 {[%clk 0:00:39]}  Bd4 {[%clk 0:00:25]} 39. Bf4+ {[%clk 0:00:39]}  e5 {[%clk 0:00:25]} 40. Bg3 {[%clk 0:00:33]}  Rh8 {[%clk 0:00:25]} 41. Kf3 {[%clk 0:00:32]}  Ke7 {[%clk 0:00:21]} 42. Kg4 {[%clk 0:00:31]}  Kf7 {[%clk 0:00:21]} 43. Bh4 {[%clk 0:00:23]}  Bb2 {[%clk 0:00:15]} 44. a4 {[%clk 0:00:23]}  Bd4 {[%clk 0:00:14]} 45. g6+ {[%clk 0:00:19]}  Kg7 {[%clk 0:00:14]} 46. Kg5 {[%clk 0:00:19]}  Be3+ {[%clk 0:00:13]} 47. Kg4 {[%clk 0:00:19]}  Bf4 {[%clk 0:00:12]} 48. Be7 {[%clk 0:00:18]}  Re8 {[%clk 0:00:11]} 49. Bh4 {[%clk 0:00:16]}  Kh6 {[%clk 0:00:10]} 50. Bf6 {[%clk 0:00:15]}  Rg8 {[%clk 0:00:07]} 51. Be7 {[%clk 0:00:15]}  Ra8 {[%clk 0:00:06]} 52. Bd6 {[%clk 0:00:14]}  Rd8 {[%clk 0:00:04]} 53. Be7 {[%clk 0:00:14]}  Rd4 {[%clk 0:00:04]} 54. Kf3 {[%clk 0:00:11]}  Rxc4 {[%clk 0:00:04]} 55. Bf6 {[%clk 0:00:09]}  Rxa4 {[%clk 0:00:04]} 56. g7 {[%clk 0:00:07]}  Kh7 {[%clk 0:00:05]} 57. Kg4 {[%clk 0:00:07]}  Rxe4 {[%clk 0:00:04]} 58. Kf3 {[%clk 0:00:06]}  Re3+ {[%clk 0:00:04]} 59. Kg4 {[%clk 0:00:07]}  Rb3 {[%clk 0:00:04]} 60. Kh5 {[%clk 0:00:03]}  Rxb5 {[%clk 0:00:05]} 61. Kg4 {[%clk 0:00:03]}  c4 {[%clk 0:00:04]} 62. Bxe5 {[%clk 0:00:01]}  Bxe5 {[%clk 0:00:04]} 63. f6 {[%clk 0:00:01]}  Bxf6 {[%clk 0:00:04]} 0-1

[Event "April 9 Early 2024"]
[Site "Chess.com"]
[Date "2024.04.09"]
[Round "6"]
[White "Kleibel, Uwe"]
[Black "Baladjaev, Gara"]
[Result "1-0"]
[Board "201"]
[WhiteFideId "1270982"]
[BlackFideId "13401785"]
[WhiteTitle "FM"]
[BlackTitle "FM"]
[WhiteElo "2420"]
[BlackElo "2215"]
[WhiteTeam "GER"]
[BlackTeam "AZE"]
[WhiteClock "0:01:20"]
[BlackClock "0:00:00"]
[Variant "Standard"]

1. e4 {[%clk 0:02:57]}  c5 {[%clk 0:02:58]} 2. Nf3 {[%clk 0:02:55]}  d6 {[%clk 0:02:58]} 3. d4 {[%clk 0:02:52]}  cxd4 {[%clk 0:02:58]} 4. Qxd4 {[%clk 0:02:53]}  Nc6 {[%clk 0:02:56]} 5. Qe3 {[%clk 0:02:53]}  Nf6 {[%clk 0:02:53]} 6. h3 {[%clk 0:02:53]}  e6 {[%clk 0:02:53]} 7. Be2 {[%clk 0:02:52]}  Be7 {[%clk 0:02:53]} 8. O-O {[%clk 0:02:52]}  O-O {[%clk 0:02:52]} 9. Rd1 {[%clk 0:02:52]}  Qc7 {[%clk 0:02:51]} 10. c4 {[%clk 0:02:52]}  b6 {[%clk 0:02:47]} 11. Nc3 {[%clk 0:02:48]}  Bb7 {[%clk 0:02:48]} 12. b3 {[%clk 0:02:49]}  Rac8 {[%clk 0:02:45]} 13. Ba3 {[%clk 0:02:48]}  a6 {[%clk 0:02:43]} 14. Rac1 {[%clk 0:02:47]}  Rfd8 {[%clk 0:02:41]} 15. Nd5 {[%clk 0:02:47]}  exd5 {[%clk 0:02:27]} 16. cxd5 {[%clk 0:02:48]}  b5 {[%clk 0:02:26]} 17. dxc6 {[%clk 0:02:47]}  Bxc6 {[%clk 0:02:26]} 18. Nd4 {[%clk 0:02:45]}  Qb7 {[%clk 0:02:23]} 19. Nxc6 {[%clk 0:02:30]}  Rxc6 {[%clk 0:02:23]} 20. Rxc6 {[%clk 0:02:30]}  Qxc6 {[%clk 0:02:23]} 21. e5 {[%clk 0:02:30]}  Nd5 {[%clk 0:02:20]} 22. Qe4 {[%clk 0:02:16]}  b4 {[%clk 0:02:06]} 23. Qxd5 {[%clk 0:02:02]}  Qxd5 {[%clk 0:02:05]} 24. Rxd5 {[%clk 0:02:02]}  bxa3 {[%clk 0:02:04]} 25. exd6 {[%clk 0:02:01]}  Rxd6 {[%clk 0:02:03]} 26. Rxd6 {[%clk 0:02:01]}  Bxd6 {[%clk 0:02:03]} 27. Bxa6 {[%clk 0:02:02]}  f6 {[%clk 0:01:56]} 28. Kf1 {[%clk 0:02:01]}  Kf7 {[%clk 0:01:55]} 29. Ke2 {[%clk 0:02:01]}  Ke6 {[%clk 0:01:56]} 30. Bb7 {[%clk 0:01:58]}  Bc5 {[%clk 0:01:51]} 31. f4 {[%clk 0:01:49]}  h5 {[%clk 0:01:51]} 32. Kd3 {[%clk 0:01:48]}  h4 {[%clk 0:01:50]} 33. Kc4 {[%clk 0:01:46]}  Be3 {[%clk 0:01:49]} 34. Bc8+ {[%clk 0:01:43]}  Kd6 {[%clk 0:01:48]} 35. f5 {[%clk 0:01:43]}  Bf2 {[%clk 0:01:21]} 36. b4 {[%clk 0:01:42]}  Be3 {[%clk 0:01:21]} 37. Be6 {[%clk 0:01:37]}  Bc1 {[%clk 0:01:09]} 38. Kb3 {[%clk 0:01:29]}  Kc6 {[%clk 0:01:04]} 39. Ka4 {[%clk 0:01:28]}  Kb6 {[%clk 0:01:04]} 40. Bd7 {[%clk 0:01:24]}  Bb2 {[%clk 0:01:02]} 41. b5 {[%clk 0:01:23]}  Bc1 {[%clk 0:01:00]} 42. Kb4 {[%clk 0:01:23]}  Bb2 {[%clk 0:00:54]} 43. Kc4 {[%clk 0:01:23]}  Bc1 {[%clk 0:00:52]} 44. Kd5 {[%clk 0:01:23]}  Bd2 {[%clk 0:00:47]} 45. Ke6 {[%clk 0:01:23]}  Bh6 {[%clk 0:00:42]} 46. Kf7 {[%clk 0:01:23]}  Kc5 {[%clk 0:00:40]} 47. Kg6 {[%clk 0:01:23]}  Kb6 {[%clk 0:00:36]} 48. Kh5 {[%clk 0:01:23]}  Bg5 {[%clk 0:00:34]} 49. Kg4 {[%clk 0:01:23]}  Kc5 {[%clk 0:00:33]} 50. g3 {[%clk 0:01:23]}  hxg3 {[%clk 0:00:32]} 51. Kxg3 {[%clk 0:01:24]}  Be3 {[%clk 0:00:27]} 52. Kg4 {[%clk 0:01:23]}  Kb6 {[%clk 0:00:14]} 53. Kh5 {[%clk 0:01:22]}  Bh6 {[%clk 0:00:13]} 54. Kg6 {[%clk 0:01:22]}  Kc5 {[%clk 0:00:12]} 55. h4 {[%clk 0:01:23]}  Kb6 {[%clk 0:00:13]} 56. Kf7 {[%clk 0:01:23]}  Kc5 {[%clk 0:00:13]} 57. Ke6 {[%clk 0:01:23]}  Kb6 {[%clk 0:00:13]} 58. Kd5 {[%clk 0:01:23]}  Bc1 {[%clk 0:00:13]} 59. Kc4 {[%clk 0:01:24]}  Bb2 {[%clk 0:00:13]} 60. Kb4 {[%clk 0:01:24]}  Bc1 {[%clk 0:00:13]} 61. Be6 {[%clk 0:01:24]}  Bb2 {[%clk 0:00:13]} 62. h5 {[%clk 0:01:24]}  Bc1 {[%clk 0:00:13]} 63. Kb3 {[%clk 0:01:24]}  Bb2 {[%clk 0:00:12]} 64. Bc4 {[%clk 0:01:23]}  Bc1 {[%clk 0:00:12]} 65. Bf1 {[%clk 0:01:24]}  Bb2 {[%clk 0:00:12]} 66. Kc2 {[%clk 0:01:25]}  Be5 {[%clk 0:00:11]} 67. Kd3 {[%clk 0:01:24]}  Bb2 {[%clk 0:00:11]} 68. Ke4 {[%clk 0:01:24]}  Bc1 {[%clk 0:00:11]} 69. Kd5 {[%clk 0:01:25]}  Bb2 {[%clk 0:00:10]} 70. Ke6 {[%clk 0:01:25]}  Bc1 {[%clk 0:00:10]} 71. Kd5 {[%clk 0:01:24]}  Bh6 {[%clk 0:00:09]} 72. Kc4 {[%clk 0:01:23]}  Bg5 {[%clk 0:00:09]} 73. Kb3 {[%clk 0:01:23]}  Bc1 {[%clk 0:00:09]} 74. Kc2 {[%clk 0:01:23]}  Bb2 {[%clk 0:00:08]} 75. Kd3 {[%clk 0:01:23]}  Kxb5 {[%clk 0:00:07]} 76. Ke4+ {[%clk 0:01:22]}  Kc5 {[%clk 0:00:07]} 77. Kf4 {[%clk 0:01:20]}  Bc1+ {[%clk 0:00:00]} 78. Kg4 {[%clk 0:01:20]} 1-0

[Event "April 9 Early 2024"]
[Site "Chess.com"]
[Date "2024.04.09"]
[Round "6"]
[White "Bravo De La Vega, Alvaro"]
[Black "Da Silva, Giovanni B Tavares"]
[Result "1-0"]
[Board "202"]
[WhiteFideId "24570672"]
[BlackFideId "22743090"]
[WhiteTitle "CM"]
[WhiteElo "2412"]
[BlackElo "2214"]
[WhiteTeam "ESP"]
[BlackTeam "BRA"]
[WhiteClock "0:02:01"]
[BlackClock "0:01:04"]
[Variant "Standard"]

1. Nf3 {[%clk 0:03:00]}  Nf6 {[%clk 0:02:59]} 2. g3 {[%clk 0:03:01]}  g6 {[%clk 0:02:59]} 3. b3 {[%clk 0:03:00]}  Bg7 {[%clk 0:03:00]} 4. Bb2 {[%clk 0:03:01]}  O-O {[%clk 0:03:00]} 5. Bg2 {[%clk 0:03:01]}  d6 {[%clk 0:03:00]} 6. d4 {[%clk 0:03:02]}  Nbd7 {[%clk 0:03:01]} 7. O-O {[%clk 0:03:02]}  c6 {[%clk 0:02:56]} 8. c4 {[%clk 0:02:59]}  Qc7 {[%clk 0:02:56]} 9. Nc3 {[%clk 0:02:51]}  e5 {[%clk 0:02:51]} 10. e4 {[%clk 0:02:51]}  Re8 {[%clk 0:02:49]} 11. Re1 {[%clk 0:02:51]}  Kh8 {[%clk 0:02:38]} 12. Ng5 {[%clk 0:02:35]}  Nf8 {[%clk 0:02:35]} 13. d5 {[%clk 0:02:31]}  h6 {[%clk 0:02:23]} 14. Nf3 {[%clk 0:02:30]}  Ng8 {[%clk 0:02:16]} 15. Qd2 {[%clk 0:02:29]}  f5 {[%clk 0:02:14]} 16. dxc6 {[%clk 0:02:28]}  bxc6 {[%clk 0:02:13]} 17. Rad1 {[%clk 0:02:27]}  Re6 {[%clk 0:01:47]} 18. Ba3 {[%clk 0:02:14]}  c5 {[%clk 0:01:19]} 19. Nb5 {[%clk 0:02:13]}  Qd7 {[%clk 0:01:07]} 20. exf5 {[%clk 0:02:13]}  gxf5 {[%clk 0:01:04]} 21. Nxe5 {[%clk 0:02:01]} 1-0

[Event "April 9 Early 2024"]
[Site "Chess.com"]
[Date "2024.04.09"]
[Round "6"]
[White "Subramanian, Anusha"]
[Black "Wueest, Andrin"]
[Result "1-0"]
[Board "203"]
[WhiteFideId "477710"]
[BlackFideId "1300881"]
[WhiteTitle "WCM"]
[BlackTitle "CM"]
[WhiteElo "2207"]
[BlackElo "2402"]
[WhiteTeam "ENG"]
[BlackTeam "SUI"]
[WhiteClock "0:00:48"]
[BlackClock "0:00:02"]
[Variant "Standard"]

1. e4 {[%clk 0:03:00]}  e6 {[%clk 0:02:59]} 2. d4 {[%clk 0:02:59]}  d5 {[%clk 0:02:59]} 3. Nd2 {[%clk 0:02:58]}  Nf6 {[%clk 0:02:59]} 4. e5 {[%clk 0:02:54]}  Nfd7 {[%clk 0:02:59]} 5. f4 {[%clk 0:02:54]}  c5 {[%clk 0:02:58]} 6. Ngf3 {[%clk 0:02:55]}  Nc6 {[%clk 0:02:58]} 7. c3 {[%clk 0:02:54]}  g6 {[%clk 0:02:54]} 8. Bd3 {[%clk 0:02:46]}  c4 {[%clk 0:02:54]} 9. Bc2 {[%clk 0:02:45]}  b5 {[%clk 0:02:55]} 10. b3 {[%clk 0:02:40]}  Nb6 {[%clk 0:02:49]} 11. O-O {[%clk 0:02:37]}  b4 {[%clk 0:02:42]} 12. cxb4 {[%clk 0:02:30]}  Nxb4 {[%clk 0:02:42]} 13. bxc4 {[%clk 0:02:28]}  Nxc2 {[%clk 0:02:41]} 14. Qxc2 {[%clk 0:02:28]}  dxc4 {[%clk 0:02:37]} 15. Nxc4 {[%clk 0:02:28]}  Nxc4 {[%clk 0:02:31]} 16. Qxc4 {[%clk 0:02:27]}  Bb7 {[%clk 0:02:25]} 17. Be3 {[%clk 0:02:14]}  Rc8 {[%clk 0:02:11]} 18. Qa4+ {[%clk 0:02:12]}  Qd7 {[%clk 0:02:11]} 19. Qxa7 {[%clk 0:02:12]}  Bxf3 {[%clk 0:02:05]} 20. Qxd7+ {[%clk 0:02:10]}  Kxd7 {[%clk 0:02:06]} 21. Rxf3 {[%clk 0:02:10]}  Be7 {[%clk 0:02:04]} 22. Bf2 {[%clk 0:02:09]}  Rc2 {[%clk 0:01:59]} 23. Rb3 {[%clk 0:02:08]}  Ra8 {[%clk 0:01:57]} 24. Rb7+ {[%clk 0:02:07]}  Ke8 {[%clk 0:01:57]} 25. a4 {[%clk 0:02:04]}  Bd8 {[%clk 0:01:49]} 26. Rb5 {[%clk 0:01:57]}  Rc4 {[%clk 0:01:28]} 27. a5 {[%clk 0:01:55]}  Rxa5 {[%clk 0:01:24]} 28. Rbxa5 {[%clk 0:01:49]}  Bxa5 {[%clk 0:01:24]} 29. Rxa5 {[%clk 0:01:48]}  Rc1+ {[%clk 0:01:24]} 30. Be1 {[%clk 0:01:48]}  Rxe1+ {[%clk 0:01:24]} 31. Kf2 {[%clk 0:01:49]}  Rd1 {[%clk 0:01:24]} 32. Ke3 {[%clk 0:01:44]}  h5 {[%clk 0:01:21]} 33. Ra2 {[%clk 0:01:37]}  Kf8 {[%clk 0:01:12]} 34. Rd2 {[%clk 0:01:34]}  Re1+ {[%clk 0:01:12]} 35. Kf2 {[%clk 0:01:33]}  Ra1 {[%clk 0:01:11]} 36. d5 {[%clk 0:01:27]}  exd5 {[%clk 0:01:10]} 37. Rxd5 {[%clk 0:01:27]}  Ra2+ {[%clk 0:01:09]} 38. Kf3 {[%clk 0:01:23]}  Ra3+ {[%clk 0:01:09]} 39. Ke2 {[%clk 0:01:22]}  Ra2+ {[%clk 0:01:09]} 40. Rd2 {[%clk 0:01:21]}  Ra4 {[%clk 0:01:09]} 41. g3 {[%clk 0:01:19]}  h4 {[%clk 0:01:10]} 42. Kf2 {[%clk 0:01:16]}  Kg7 {[%clk 0:01:05]} 43. Kg2 {[%clk 0:01:14]}  Rb4 {[%clk 0:01:02]} 44. Kh3 {[%clk 0:01:14]}  hxg3 {[%clk 0:01:02]} 45. hxg3 {[%clk 0:01:15]}  Rb1 {[%clk 0:01:01]} 46. Kg4 {[%clk 0:01:14]}  Rb7 {[%clk 0:01:00]} 47. Kg5 {[%clk 0:01:10]}  Rb5 {[%clk 0:00:51]} 48. Rd7 {[%clk 0:01:07]}  Ra5 {[%clk 0:00:43]} 49. g4 {[%clk 0:01:06]}  Rb5 {[%clk 0:00:43]} 50. Kh4 {[%clk 0:01:03]}  Ra5 {[%clk 0:00:37]} 51. e6 {[%clk 0:01:02]}  Kf6 {[%clk 0:00:20]} 52. e7 {[%clk 0:00:53]}  g5+ {[%clk 0:00:09]} 53. fxg5+ {[%clk 0:00:51]}  Kg6 {[%clk 0:00:02]} 54. e8=Q {[%clk 0:00:49]}  Ra1 {[%clk 0:00:02]} 55. Qxf7# {[%clk 0:00:48]} 1-0